Oeuvres Completes

Gorde:
Xehetasun bibliografikoak
Egile nagusia: Platón
Formatua: Liburua
Hizkuntza:Undetermined
Argitaratua: París, Francia Les Belles Lettres 1976
Gaiak:
Etiketak: Etiketa erantsi
Etiketarik gabe, Izan zaitez lehena erregistro honi etiketa jartzen!

MARC

LEADER 00000nam a2200000Ia 4500
008 170316s9999 xx 000 0 und d
090 |a 100 P-26o v.8 
100 |a Platón 
245 |a Oeuvres Completes 
260 |a París, Francia 
260 |b Les Belles Lettres 
260 |c 1976 
300 |a 210 páginas Tome VIII, 2a.parte 
650 |a FILOSOFÍA 
999 |c 17330  |d 17330 
040 |a cru BVZT 
942 |c 15 D  |h 100 P-26o v.8  |2 z